000
00327nam a22001337a 4500
082
_a
617.672 ,P14P
100
_a
PRAKASH ,VIJAY
245
_a
PROSTHODONTICS : EXAM PREPARATORY MANUAL FOR UNDERGRADUATE
250
_a
1ST
260
_a
NEW DELHI
_b
ELSEVIER
_c
2014
300
_a
598
650
_a
PROSTHODONTICS
942
_2
ddc
_c
BK
999
_c
9810
_d
9810